Statistics for JR 路線名クイズ

Click here to take the quiz!

General Stats

  • This quiz has been taken 631 times
  • The average score is 105 of 169

Answer Stats

会社名路線名% Correct
函館本線
90%
山手線
89%
中央本線
88%
東海道本線
87%
東北本線
85%
常磐線
84%
宗谷本線
83%
JR北海道北海道新幹線
82%
根室本線
82%
山陰本線
81%
室蘭本線
80%
内房線
80%
外房線
80%
京葉線
80%
JR東日本東北新幹線
80%
横浜線
80%
総武本線
79%
北陸新幹線
79%
鹿児島本線
78%
関西本線
78%
JR東海東海道新幹線
78%
武蔵野線
77%
奥羽本線
77%
山陽本線
77%
JR西日本山陽新幹線
77%
上越新幹線
77%
高山本線
76%
信越本線
76%
千歳線
76%
南武線
76%
飯田線
75%
成田線
75%
北陸本線
75%
上越線
75%
仙石線
75%
高崎線
75%
JR四国予讃線
74%
横須賀線
74%
奈良線
74%
大阪環状線
74%
釧網本線
73%
紀勢本線
73%
磐越東線
73%
JR九州九州新幹線
73%
羽越本線
73%
磐越西線
73%
八高線
73%
留萌本線
73%
土讃線
72%
日高本線
72%
両毛線
71%
石勝線
71%
湖西線
71%
仙山線
70%
身延線
70%
相模線
70%
長崎本線
70%
御殿場線
69%
石北本線
69%
水戸線
69%
札沼線
68%
富良野線
68%
鶴見線
67%
福知山線
66%
大糸線
66%
伊東線
66%
日豊本線
66%
五能線
65%
山田線
65%
和歌山線
65%
川越線
65%
青梅線
65%
伯備線
64%
水郡線
64%
芸備線
64%
高徳線
64%
田沢湖線
63%
西九州新幹線
63%
津軽線
63%
八戸線
63%
阪和線
63%
五日市線
63%
予土線
62%
久留里線
62%
久大本線
62%
陸羽西線
62%
陸羽東線
62%
石巻線
62%
鹿島線
61%
日光線
61%
只見線
61%
篠ノ井線
61%
徳島線
60%
呉線
60%
根岸線
59%
小浜線
59%
姫新線
59%
東金線
59%
武豊線
59%
加古川線
59%
大湊線
58%
気仙沼線
58%
越後線
57%
赤穂線
57%
参宮線
57%
佐世保線
57%
本四備讃線
57%
山口線
56%
指宿枕崎線
56%
白新線
56%
北上線
55%
宇野線
55%
太多線
55%
大船渡線
55%
吾妻線
55%
播但線
55%
七尾線
55%
花輪線
54%
赤羽線
54%
木次線
53%
豊肥本線
53%
宇部線
53%
草津線
53%
釜石線
53%
米坂線
53%
男鹿線
53%
弥彦線
53%
烏山線
52%
城端線
52%
氷見線
52%
津山線
52%
牟岐線
52%
美祢線
51%
名松線
51%
小海線
51%
飯山線
51%
肥薩線
49%
岩徳線
49%
片町線
49%
鳴門線
49%
小野田線
48%
越美北線
48%
唐津線
47%
桜井線
47%
内子線
47%
日南線
46%
因美線
46%
福塩線
46%
左沢線
46%
舞鶴線
46%
おおさか東線
46%
大村線
45%
関西空港線
45%
吉備線
45%
筑豊本線
45%
三角線
44%
桜島線
44%
筑肥線
41%
吉都線
41%
可部線
40%
境線
40%
宮崎空港線
39%
海峡線
39%
日田彦山線
39%
JR東西線
37%
香椎線
36%
篠栗線
34%
後藤寺線
31%
博多南線
26%

Score Distribution

Percentile by Number Answered

Percent of People with Each Score

Your Score History

You have not taken this quiz